000
00339nam a22001457a 4500
008
230515b ||||| |||| 00| 0 eng d
020
_a
21866641
041
_a
eng
080
_a
37
082
_a
37WIS
100
_a
23
101
_a
EDU
245
_a
MULTIPLIERS HOW THE BEST LEADERS MAKE EVERYONE SMARTER
_c
WISEMAN L
942
_2
udc
_c
BK
999
_c
59714
_d
59714